The Bachelor US Contestants - Statistics

General Stats
  • This quiz has been taken 125 times
    22 since last reset
  • The average score is 14 of 27
Answer Stats
Hint Answer % Correct
Season 26 Clayton Echard
94%
Season 24 Peter Weber
88%
Season 27 Zach Shallcross
88%
Season 22 Arie Luyendyk Jnr
81%
Season 16 Ben Flajnik
81%
Season 20 Ben Higgins
81%
Season 12 Matt Grant
81%
Season 25 Matt James
81%
Season 23 Colton Underwood
69%
Season 21 Nick Viall
69%
Season 18 Juan Pablo Galavis
63%
Season 17 Sean Lowe
63%
Season 13 Jason Mesnick
56%
Season 5 Jesse Palmer
50%
Season 19 Chris Soules
38%
Season 14 Jake Pavelka
38%
Season 10 Andrew Baldwin
31%
Season 3 Andrew Firestone
31%
Season 11 Brad Womack
31%
Season 15 Brad Womack
31%
Season 2 Aaron Buerge
19%
Season 1 Alex Michel
19%
Season 4 Bob Guiney
19%
Season 9 Lorenzo Borghese
19%
Season 8 Travis Lane Stork
19%
Season 6 Byron Velvick
13%
Season 7 Charlie O'Connell
13%
No matching quizzes found
Score Distribution
Percent of People with Each Score
Percentile by Number Answered
Your Score History
You have not taken this quiz since the last reset